Ako sa poisťovne bránia podvodníkom
Cena poistenia. Povinné zmluvné poistenie. Životné a neživotné poistenie. Prevencia pred poistnými podvodmi.
Saved in:
| Main Author: | |
|---|---|
| Format: | Book Chapter |
| Language: | Slovak |
| Subjects: | |
| Tags: |
No Tags, Be the first to tag this record!
|
MARC
| LEADER | 00000naa$a2200000$$$4500 | ||
|---|---|---|---|
| 001 | 0070909 | ||
| 005 | 20231019090054.0 | ||
| 041 | 0 | |a slo | |
| 044 | |a SK | ||
| 245 | 1 | 0 | |a Ako sa poisťovne bránia podvodníkom |c Pavel Škriniar |
| 520 | |a Cena poistenia. Povinné zmluvné poistenie. Životné a neživotné poistenie. Prevencia pred poistnými podvodmi. | ||
| 610 | 2 | 0 | |a poisťovne |
| 610 | 2 | 0 | |a podvody poisťovacie |
| 610 | 2 | 0 | |a poistenie povinné zmluvné |
| 610 | 2 | 0 | |a poistenie životné |
| 610 | 2 | 0 | |a poistenie neživotné |
| 100 | 1 | |a Škriniar, Pavel, 1979- | |